书目信息 |
| 题名: |
社会中介组织的多视角透视
|
|
| 作者: | 王尚银 , 戴海东 , 陈和 著 | |
| 分册: | ||
| 出版信息: | 北京 中国社会科学出版社 2013 |
|
| 页数: | 285页 | |
| 开本: | 23cm | |
| 丛书名: | 温州学术文库 | |
| 单 册: | ||
| 中图分类: | F713.6 | |
| 科图分类: | ||
| 主题词: | 中介组织--研究--温州 , 中介组织 | |
| 电子资源: | ||
| ISBN: | 978-7-5161-2800-8 | |
| 000 | 01206nam0 2200313 450 | |
| 001 | 523 | |
| 005 | 20140909095929.07 | |
| 010 | @a978-7-5161-2800-8@dCNY55.00 | |
| 100 | @a20130929d2013 em y0chiy50 ea | |
| 101 | 0 | @achi |
| 102 | @aCN@b110000 | |
| 105 | @ay z 000yy | |
| 106 | @ar | |
| 200 | 1 | @a社会中介组织的多视角透视@AShe Hui Zhong Jie Zu Zhi De Duo Shi Jiao Tou Shi@e对温州的实证分析@EDui Wen Zhou De Shi Zheng Fen Xi@f王尚银,戴海东,陈和著@FWang Shang Yin, Dai Hai Dong, Chen He Zhu |
| 210 | @a北京@c中国社会科学出版社@d2013 | |
| 215 | @a285页@d23cm | |
| 225 | 2 | @a温州学术文库@f卢达主编 |
| 300 | @a温州市文化研究工程立项课题 | |
| 330 | @a本书以温州的行业协会商会为主要研究对象,将它置于社会中介组织这个较大的社会群体中来考察,将其作为社会中介组织的主要组成部分来观察、分析。 | |
| 461 | 0 | @12001 @a温州学术文库 |
| 517 | 1 | @a对温州的实证分析@ADui Wen Zhou De Shi Zheng Fen Xi |
| 606 | 0 | @a中介组织@x研究@y温州 |
| 606 | 0 | @a中介组织 |
| 690 | @aF713.6@v5 | |
| 701 | 0 | @a王尚银@AWang Shang Yin@f(1956~)@4著 |
| 701 | 0 | @a戴海东@ADai Hai Dong@f(1965~)@4著 |
| 701 | 0 | @a陈和@AChen He@g(行政管理)@4著 |
| 801 | 0 | @aCN@bTANGWEI@c20140603 |
| 905 | @b0839536-38@dF713.6@e696@f3 | |
| 社会中介组织的多视角透视:对温州的实证分析/王尚银,戴海东,陈和著.-北京:中国社会科学出版社,2013 |
| 285页;23cm.-(温州学术文库/卢达主编) |
| 温州市文化研究工程立项课题 |
| ISBN 978-7-5161-2800-8:CNY55.00 |
| 本书以温州的行业协会商会为主要研究对象,将它置于社会中介组织这个较大的社会群体中来考察,将其作为社会中介组织的主要组成部分来观察、分析。 |
| ● |
| 相关链接 |
|
|
|
|
正题名:社会中介组织的多视角透视
索取号:F713.6/696
 
预约/预借
| 序号 | 登录号 | 条形码 | 馆藏地/架位号 | 状态 | 备注 |
| 1 | 0839536 | 208395360 | 第一样本阅览室/ [索取号:F713.6/696] | 在馆 | |
| 2 | 0839537 | 208395379 | 密集书库-海洋学院/ [索取号:F713.6/696] | 在馆 | |
| 3 | 0839538 | 208395388 | 第一借阅区/ [索取号:F713.6/696] | 在馆 |